Bowling ... or Golf? - Statistics

General Stats
  • This quiz has been taken 72 times
  • The average score is 11 of 18
Answer Stats
Hint Explanation Answer % Correct
Fairway The area of the course between the tee and the green that is well-maintained allowing a good lie for the ball. Golf
95%
Caddie A person who carries a player's clubs and offers advice Golf
93%
Birdie One stroke under par Golf
92%
Bogey One stroke over par Golf
90%
Tee A small peg placed in the ground to hit first stroke from Golf
86%
Brooklyn A roll in which the ball crosses over the centerline and hits the pins on a different side than it was delivered from Bowling
78%
Albatross Three strokes under par Golf
78%
Kingpin The (centrally positioned) 5 pin Bowling
75%
Pocket The ideal place for the ball to hit the pins Bowling
73%
Goal Posts 7-10 split Bowling
51%
Channel Gutter, a trough on the side to catch balls Bowling
47%
_#_-Bagger _#_ strikes in a row Bowling
47%
Sparrow Three spares in a row Bowling
39%
Snowman Scoring an eight on a hole Golf
36%
Hook Bowling: A ball that rolls in a curving pattern
Golf: A shot where the ball curves sharply one way or another
Both
31%
Bridge The distance between the finger holes Bowling
31%
Banana Ball The result of a severe slice that results in a trajectory in the shape of a banana Golf
20%
Turkey Bowling: Three strikes in a row
Golf: Three birdies in a row
Both
7%
No matching quizzes found
Score Distribution
Percent of People with Each Score
Percentile by Number Answered
Your Score History
You have not taken this quiz